Detalles MARC
| 000 -ENCABEZADO |
| Número de control [NR] |
03059nam a2200301 4500 |
| 005 - FECHA Y HORA DE LA ÚLTIMA TRANSACCIÓN |
| control field |
20160511160709.0 |
| 008 - DE LONGITUD FIJA DE DATOS DE ELEMENTOS - INFORMACIÓN GENERAL |
| Elementos de longitud fija [NR] |
160511k18361840fr |||fr|||| 001 0 fre d |
| 040 ## - FUENTE DE CATALOGACION [NR] |
| Agencia de catalogación original [NR] |
CO-BoUCM |
| Idioma de catalogación [NR] |
spa |
| Quien Cataloga |
Sandra Yazo |
| Quien Clasifica |
Sandra Yazo |
| 041 04 - CODIGO DE IDIOMA [R] |
| Código de idioma para texto/pista de sonido o título separado [R] |
Español |
| 082 04 - NUMERO DE CLASIFICACION DECIMAL DEWEY [R] |
| Número de la edición [NR] |
20 |
| Número de clasificación [R] |
340.56944 |
| 092 ## - SIGNATURA TOPOGRAFICA LOCAL |
| Número de clasificación local |
E39N080 |
| 100 1# - ASIENTO PRINCIPAL--NOMBRE PERSONAL [NR] |
| Nombre personal [NR] |
Toullier, C.-B.-M. |
| Fechas asociadas con el nombre [NR] |
1752-1835 |
| Forma más completa del nombre [NR] |
(Charles Bonaventure Marie) |
| ID Autoridad |
77113 |
| 242 00 - TRADUCCION DEL TITULO POR LA AGENCIA CATALOGADORA [R] |
| Título [NR] |
Derecho Civil francés, siguiendo el orden del Código |
| Parte restante del título [NR] |
Obra en la que se ha procurado incluir la teoría y la práctica |
| Código de idioma del título traducido [NR] |
spa |
| 245 10 - MENCION DE TITULO [NR] |
| Título [NR] |
Le Droit Civil Français, suivant l’ ordre du Code |
| Parte restante del título [NR] |
Ouvrage dans lequel on a taché de réunir la théorie à la pratique |
| Mención de responsabilidad, etc. [NR] |
par M. C.-B.-M. Toullier |
| 250 ## - MENCION DE EDICION [NR] |
| Mención de edición [NR] |
Cinquième édition [Quinta edición] |
| 260 ## - PUBLICACION, DISTRIBUCION, ETC. (PIE DE IMPRENTA) [R] |
| Lugar de publicación, distribución, etc. [R] |
París (Francia) |
| Nombre del editor, distribuidor, etc. [R] |
Chez Jules Renouard et Cie. [Donde Julio Renouard y compañía] |
| -- |
Imprimé chez Paul Renouard [Impreso por Pablo Renouard] |
| -- |
Imprimé chez Crété [Imprenta de Crété] |
| Fecha de publicación, distribución, etc. [R] |
1836-1840 |
| 300 ## - DESCRIPCION FISICA [R] |
| Extensión [R] |
15 volúmenes (555 ; 496 ; 562 ; 579 ; 840 ; 884 ; 762 ; 732 ; 588 ; 630 ; 462 ; 599 ; 580 ; 444 ; 343 páginas) |
| Dimensiones [R] |
21 x 13 cm. |
| 500 ## - NOTA GENERAL [R] |
| Nota general [NR] |
Detalles físicos: Encuadernación rígida de calidad (holandesa) en cartón duro forrado en papel. Lomo en cuero con nervaduras sobre costuras, adornos en dorado. Guardas en papel de agua. Hoja de cortesía. Anteportada. Portada impresa en una sola tinta. Texto impreso en una sola columna. Notas de pie de página. Índice. Cortes decorados. Papel muy manchado. Varios ejemplares con raspaduras, bordes de tapas deteriorados, lomos sueltos y residuos de cinta pegante. V.1, V.4 descuadernados. V. 7, V.8, V.9, V.10, V.11 Ejemplares con lomos sueltos y V.1 Notorias perforaciones de insectos. Ejemplares agrupadas en un solo registro para mantener el orden de la colección, varias ediciones. V.1 – V.12: 1839, 5a ed. V.13: 1836, 3a ed. V.14: 1836 2a ed. V.15: 1840 |
| 505 #0 - NOTA DE CONTENIDO CON FORMATO PREESTABLECIDO [R] |
| Nota de contenido con formato preestablecido [NR] |
V.1: Título preliminar ; Libro I: Las personas en general: Títulos I a V -- V.2: Libro I: Título V (Título VI al IX) -- V.3: Libro II: Los bienes y las diversas modificaciones de la propiedad: Títulos I a IV -- V.4: Libro II: Diferentes maneras de adquirir la propiedad: Título I ; V.5: Libro III: Título II -- V.6, V.7: Libro III: Título III Contratos y obligaciones convencionales -- V.8, V.9, V.10: Libro III: Título III, cap. VI -- V.11: Libro III: Compromisos que se adquieren sin convenios -- V.12, V.13, V.14: Libro III: Título V: Contrato matrimonial y derechos recíprocos de los esposos -- V.15: Índice general, alfabético y analítico, redactado por Martín Jouaust |
| 506 ## - NOTA DE RESTRICCIONES DE ACCESO [R] |
| Condiciones de acceso [NR] |
Consulta en sala |
| 546 ## - NOTA DE IDIOMA [R] |
| Nota de idioma [NR] |
Texto en francés |
| 650 #7 - ASIENTO SECUNDARIO DE MATERIA - TERMINO TEMATICO [R] |
| Término temático o nombre geográfico como elemento de entrada [NR] |
Derecho civil |
| Subdivisión geográfica [R] |
Francia |
| 9 (RLIN) |
41578 |
| 690 ## - ASUNTO AGREGADO LOCAL DE ENTRADA - TÉRMINO TEMÁTICO (OCLC, RLIN) |
| Acceso temático local |
Derecho civil |
| 9 (RLIN) |
12711 |
| 856 41 - LOCALIZACION Y ACCESO ELECTRONICOS [R] |
| Identificador Uniforme del Recurso (“URI”) [R] |
<a href="http://gallica.bnf.fr/ark:/12148/bpt6k122928q.r=">http://gallica.bnf.fr/ark:/12148/bpt6k122928q.r=</a> |
| Nota dirigida al público [R] |
Disponible en línea V.6 (1824) |
| 856 41 - LOCALIZACION Y ACCESO ELECTRONICOS [R] |
| Identificador Uniforme del Recurso (“URI”) [R] |
<a href="http://gallica.bnf.fr/ark:/12148/bpt6k122923t.r=">http://gallica.bnf.fr/ark:/12148/bpt6k122923t.r=</a> |
| Nota dirigida al público [R] |
Disponible en línea V.1 (1824) |
| 856 41 - LOCALIZACION Y ACCESO ELECTRONICOS [R] |
| Identificador Uniforme del Recurso (“URI”) [R] |
<a href="http://gallica.bnf.fr/ark:/12148/bpt6k1229293.r">http://gallica.bnf.fr/ark:/12148/bpt6k1229293.r</a> |
| Nota dirigida al público [R] |
Disponible en línea V.7 (1824) |
| 942 ## - ELEMENTOS DE ENTRADA AGREGADOS (KOHA) |
| Sistema de clasificación |
LOCAL |
| Tipo de ítem principal el descrito en 300a |
Libro |
| Edición |
5 |
| Clasificación |
E39N080 |